| 000 | 00709nam a2200241Ia 4500 | ||
|---|---|---|---|
| 008 | 160803s9999 xx 000 0 und d | ||
| 020 | _a0 439331692 | ||
| 100 | _aOram, Hiawyn | ||
| 245 | _aKiss it better / | ||
| 245 | _cby Hiawyn Oram ; illustrated by Frédéric Joos [typography by Richard Amari]. | ||
| 260 | _aNew York : | ||
| 260 | _bScholastic Inc. | ||
| 260 | _c1999 | ||
| 300 | _a1 volume (unpaged) : | ||
| 300 | _bcolor illustrations ; | ||
| 300 | _c24 cm | ||
| 500 | _a"This edition is only available for distribution through the school market"--Page 4 of cover. | ||
| 650 | _aBears -- | ||
| 650 | _aEmotions -- | ||
| 650 | _xFiction. | ||
| 650 | _xFiction. | ||
| 700 | _a220 | ||
| 999 |
_c299580 _d299580 |
||